[Event "DOM-ch"]
[Site "Santo Domingo"]
[Date "2023.03.10"]
[Round "9"]
[White "Mendez, Ruddy Antonio"]
[Black "Sanchez de la Cruz, Juan Gradimir"]
[Result "1-0"]
[WhiteElo "2144"]
[BlackElo "1999"]
[PlyCount "74"]
[EventDate "2023.02.24"]
[EventType "swiss"]
[EventRounds "11"]
[EventCountry "DOM"]
[SourceTitle "CBM 213 Extra"]
[Source "ChessBase"]
[SourceDate "2023.05.31"]
[SourceVersion "1"]
[SourceVersionDate "2023.05.31"]
[SourceQuality "1"]

1. d4 d5 2. c4 c6 3. Nc3 Nf6 4. Nf3 Bf5 5. Qb3 Qb6 6. Qxb6 axb6 7. cxd5 cxd5 8. Bg5 e6 9. e3 Bb4 10. Bb5+ Nc6 11. 0-0 Ra5 12. Rfc1 Bxc3 13. Bxc6+ bxc6 14. Rxc3 0-0 15. Bxf6 gxf6 16. Rxc6 Rb5 17. b3 Ra8 18. Nd2 Rba5 19. a4 b5 20. Rc5 bxa4 21. Rxa5 Rxa5 22. Rxa4 Rb5 23. f3 Bc2 24. Ra3 e5 25. Kf2 Kg7 26. f4 e4 27. g4 h6 28. Nf1 Rxb3 29. Rxb3 Bxb3 30. Ng3 Kh7 31. f5 Bd1 32. h3 Bb3 33. Nh5 Bc4 34. Nxf6+ Kg7 35. Nh5+ Kh7 36. Kg3 Bf1 37. h4 Be2 1-0

[Event "DOM-ch"]
[Site "Santo Domingo"]
[Date "2023.02.25"]
[Round "2"]
[White "Sanchez de la Cruz, Juan Gradimir"]
[Black "Araujo Sanchez, Josue"]
[Result "0-1"]
[WhiteElo "1999"]
[BlackElo "2306"]
[PlyCount "62"]
[EventDate "2023.02.24"]
[EventType "swiss"]
[EventRounds "11"]
[EventCountry "DOM"]
[SourceTitle "CBM 213 Extra"]
[Source "ChessBase"]
[SourceDate "2023.05.31"]
[SourceVersion "1"]
[SourceVersionDate "2023.05.31"]
[SourceQuality "1"]

1. e4 c5 2. Nc3 Nc6 3. Bb5 Nd4 4. Bc4 Nf6 5. f4 e6 6. e5 d5 7. exd6 Bxd6 8. d3 Bd7 9. a4 Bc6 10. Nf3 Bxf3 11. gxf3 Nh5 12. h4 Be7 13. Ne4 Bxh4+ 14. Nf2 0-0 15. c3 Nf5 16. Bd2 g6 17. Qc2 Bg3 18. Rh3 Bxf4 19. Rxh5 Bxd2+ 20. Qxd2 gxh5 21. 0-0-0 Kh8 22. Qf4 Qd6 23. Qe4 Qg3 24. Nh1 Qc7 25. Bb3 Rg8 26. Bc2 Rg7 27. Nf2 Rg2 28. Nh3 Qh2 29. d4 Rxc2+ 30. Qxc2 Qxc2+ 31. Kxc2 Ne3+ 0-1

[Event "DOM-ch"]
[Site "Santo Domingo"]
[Date "2017.04.29"]
[Round "7"]
[White "Jimenez Jimenez, Leandro"]
[Black "Sanchez de la Cruz, Juan Gradimir"]
[Result "0-1"]
[WhiteElo "1974"]
[BlackElo "2019"]
[PlyCount "88"]
[EventDate "2017.04.21"]
[EventType "swiss"]
[EventRounds "11"]
[EventCountry "DOM"]
[SourceTitle "CBM 178 Extra"]
[Source "ChessBase"]
[SourceDate "2017.06.22"]
[SourceVersion "1"]
[SourceVersionDate "2017.06.22"]
[SourceQuality "1"]

1. d4 d5 2. c4 c6 3. Nc3 Nf6 4. Nf3 g6 5. Bf4 Bg7 6. e3 0-0 7. Bd3 dxc4 8. Bxc4 Nbd7 9. 0-0 Nb6 10. Bd3 Bg4 11. h3 Bxf3 12. Qxf3 Qd7 13. Bh2 Nfd5 14. Ne4 e6 15. Rfc1 Rfe8 16. Nc5 Qe7 17. b3 a5 18. a3 Ra7 19. Ra2 Nd7 20. Rd2 b6 21. Nxd7 Qxa3 22. Rxc6 Rxd7 23. Bc4 Qb4 24. Rd1 b5 25. Bxd5 Rxd5 26. Rc7 Rf8 27. Rb1 a4 28. Qd1 a3 29. Ra7 Rc8 30. Ra1 Bf8 31. Be5 Qc3 32. Kh2 b4 33. Qf3 f5 34. Qf4 Qc6 35. Qg5 Rd7 36. Rc1 Rxa7 37. Rxc6 Rxc6 38. Qf6 Bg7 39. Qd8+ Kf7 40. Qb8 Rca6 41. d5 exd5 42. Bxg7 Kxg7 43. Qe5+ Rf6 44. g4 a2 0-1

[Event "DOM-ch"]
[Site "Santo Domingo"]
[Date "2017.04.21"]
[Round "1"]
[White "Rodriguez Nunez, Jose Altagracia"]
[Black "Sanchez de la Cruz, Juan Gradimir"]
[Result "1-0"]
[WhiteElo "2218"]
[BlackElo "2019"]
[PlyCount "35"]
[EventDate "2017.04.21"]
[EventType "swiss"]
[EventRounds "11"]
[EventCountry "DOM"]
[SourceTitle "CBM 178 Extra"]
[Source "ChessBase"]
[SourceDate "2017.06.22"]
[SourceVersion "1"]
[SourceVersionDate "2017.06.22"]
[SourceQuality "1"]

1. e4 e6 2. d4 d5 3. Nc3 dxe4 4. Nxe4 Nd7 5. Nf3 Ngf6 6. Nxf6+ Nxf6 7. Bd3 h6 8. 0-0 Bd6 9. Ne5 Bxe5 10. dxe5 Nd5 11. Qg4 g5 12. f4 Nxf4 13. Bxf4 Qd4+ 14. Kh1 gxf4 15. Rae1 Bd7 16. Rxf4 Qxb2 17. Qh4 Qa3 18. Rxf7 1-0